000 01485nam0a22002891 4500
001 v19\rc\2055317
005 20260409080649.0
035 _a(NLR Aleph) 005147046
090 _a4863279
_c4863279
100 _a20081111d1908 |||y0rusy50 ca
101 0 _arus
102 _aRU
105 _ay z |||||
200 1 _aКнязь Игорь
_eОпера в 4 д. с прологом
_e[Краткое] либретто по "Слову о полку Игореве"
_fМузыка А.П. Бородина
_gОкончена по смерти автора Римским-Корсаковым и Глазуновым
210 _a[Киев]
_cС.М. Богуславский
_d[1908]
215 _a14 с.
500 _8rus
_aСлово о полку Игореве
_7ca
_3RU\NLR\AUTH\559005
_92631093
702 1 _4230
_8rus
_7ca
_aБородин
_bА. П.
_f1833-1887
_gАлександр Порфирьевич
_3RU\NLR\AUTH\7716261
_9125901
702 1 _4230
_8rus
_7ca
_aРимский-Корсаков
_bН. А.
_cкомпозитор
_f1844-1908
_gНиколай Андреевич
_3RU\NLR\AUTH\7716260
_9125900
702 1 _4230
_8rus
_7ca
_aГлазунов
_bА. К.
_f1865-1936
_gАлександр Константинович
_3RU\NLR\AUTH\7770902
_953830
790 1 _6z01702
_aКорсаков
_bН.А.
_gНиколай Андреевич
801 0 _aRU
_bNLR
_gpsbo
801 1 _aRU
_bProSoft-M
_2rusmarc
801 2 _aRU
_bNLR
_c20121227
_2rusmarc
852 _aNLR
_j34.85.4.424
942 _cBOOK
980 _aNB